000 00910nam a2200253 a 4500
005 20241004063743.0
008 120120s1995 mx r 000 0 spa d
020 _a8472781569 (primera parte)
020 _a8472781550 (segunda parte)
035 _aUPN01000183006
049 _aI
050 4 _aLB1050.5
_bG3.3
100 1 _aGarcía Nieto, Narciso
_931514
245 1 0 _aAlteraciones de lecto-escritura :
_bseguimiento 2.1 /
_cNarciso García Nieto, Carlos Yuste Hernanz ; il. Javier Aznar Serrano.
260 _aMadrid :
_bICCE,
_c1995.
300 _a2 v. :
_bil.
440 0 _aRefuerzo y desarrollo de habilidades mentales básicas
650 4 _aLectura
_xEnseñanza correctiva
_919399
650 4 _aEscritura
_xEstudio y enseñanza (Elemental)
_92804
650 4 _aTRASTORNOS DE LA LECTOESCRITURA
_919401
700 1 _aYuste Hernanz, Carlos
_ecoaut.
_929510
905 _aInfantil
999 _c155109
_d155109